[Event "Sao Paulo U2300 op 7th"]
[Site "Sao Paulo"]
[Date "2018.03.30"]
[Round "2"]
[White "Bueno Filho, Julio Silvio de S"]
[Black "Hoshino, Karen M"]
[Result "1-0"]
[WhiteElo "2099"]
[BlackElo "1914"]
[PlyCount "57"]
[EventDate "2018.03.30"]
[EventType "swiss"]
[EventRounds "6"]
[EventCountry "BRA"]
[SourceTitle "CBM 183 Extra"]
[Source "ChessBase"]
[SourceDate "2018.04.19"]
[SourceVersion "1"]
[SourceVersionDate "2018.04.19"]
[SourceQuality "1"]

1. d4 Nf6 2. c4 e6 3. Nc3 Bb4 4. e3 0-0 5. Nge2 b6 6. a3 Bxc3+ 7. Nxc3 Bb7 8. Bd3 d5 9. 0-0 Nbd7 10. cxd5 Nxd5 11. e4 Nxc3 12. bxc3 c5 13. Qe2 Rc8 14. Bb2 Qe7 15. Rad1 Rfd8 16. f4 Nf6 17. f5 exf5 18. e5 Nd7 19. Rxf5 Bd5 20. c4 Be6 21. Rh5 g6 22. d5 gxh5 23. Bxh7+ Kg7 24. Qxh5 f5 25. exf6+ Nxf6 26. Qg6+ Kf8 27. Bxf6 Qf7 28. Qh6+ Ke8 29. Bg6 1-0

[Event "Brazil Pocos de Caldas op"]
[Site "Pocos de Caldas"]
[Date "2018.03.02"]
[Round "1"]
[White "Marino, Felipe Gabriel"]
[Black "Bueno Filho, Julio Silvio de S"]
[Result "0-1"]
[WhiteElo "1693"]
[BlackElo "2099"]
[PlyCount "46"]
[EventDate "2018.03.02"]
[EventType "swiss"]
[EventRounds "6"]
[EventCountry "BRA"]
[SourceTitle "CBM 183 Extra"]
[Source "ChessBase"]
[SourceDate "2018.04.19"]
[SourceVersion "1"]
[SourceVersionDate "2018.04.19"]
[SourceQuality "1"]

1. e4 e5 2. Nf3 Nc6 3. Bc4 Nf6 4. d3 d5 5. exd5 Nxd5 6. 0-0 Be7 7. Bxd5 Qxd5 8. Nc3 Qa5 9. d4 exd4 10. Nxd4 Nxd4 11. Qxd4 0-0 12. Qd5 Qb6 13. Qe4 Bd6 14. Nd5 Qc6 15. c4 Re8 16. Qc2 b5 17. Ne3 Bb7 18. cxb5 Qxb5 19. b3 Be4 20. Qc4 Qe5 21. f3 Qxh2+ 22. Kf2 Bg3+ 23. Ke2 Bg6 0-1

[Event "Mineiro-ch"]
[Site "Belo Horizonte"]
[Date "2017.10.07"]
[Round "3"]
[White "Bueno Filho, Julio Silvio de S"]
[Black "Barreto De Jeus, Leonardo"]
[Result "1-0"]
[WhiteElo "2106"]
[BlackElo "1793"]
[PlyCount "43"]
[EventDate "2017.10.07"]
[EventType "swiss"]
[EventRounds "5"]
[EventCountry "BRA"]
[SourceTitle "CBM 181 Extra"]
[Source "ChessBase"]
[SourceDate "2017.12.12"]
[SourceVersion "1"]
[SourceVersionDate "2017.12.12"]
[SourceQuality "1"]

1. d4 Nf6 2. c4 e6 3. Nc3 Bb4 4. Qc2 Nc6 5. e3 d6 6. Bd2 e5 7. d5 Bxc3 8. Bxc3 Ne7 9. Bd3 0-0 10. Ne2 Bg4 11. f3 Bh5 12. e4 Rc8 13. h4 h6 14. 0-0-0 c6 15. g4 Bg6 16. g5 hxg5 17. hxg5 Nh7 18. f4 exf4 19. Nxf4 cxd5 20. Qh2 dxc4 21. Nxg6 fxg6 22. Qxh7+ 1-0

[Event "Mineiro-ch"]
[Site "Belo Horizonte"]
[Date "2017.10.07"]
[Round "1"]
[White "Bueno Filho, Julio Silvio de S"]
[Black "Hama, Haruna"]
[Result "1-0"]
[WhiteElo "2106"]
[BlackElo "1704"]
[PlyCount "49"]
[EventDate "2017.10.07"]
[EventType "swiss"]
[EventRounds "5"]
[EventCountry "BRA"]
[SourceTitle "CBM 181 Extra"]
[Source "ChessBase"]
[SourceDate "2017.12.12"]
[SourceVersion "1"]
[SourceVersionDate "2017.12.12"]
[SourceQuality "1"]

1. d4 d5 2. c4 e6 3. Nc3 Nf6 4. cxd5 exd5 5. Bg5 Be7 6. e3 Be6 7. Bd3 h6 8. Bh4 c6 9. Nge2 Nbd7 10. Nf4 Bg4 11. f3 Bxf3 12. Qxf3 g5 13. Nfxd5 Nxd5 14. Nxd5 Qa5+ 15. Nc3 gxh4 16. 0-0 0-0-0 17. Qxf7 Qg5 18. Qf4 Rhg8 19. Qxg5 Rxg5 20. Rf7 Re8 21. Bf5 Kd8 22. Ne4 Rgg8 23. Nd6 Ref8 24. Rf1 Rxf7 25. Nxf7+ 1-0

[Event "Sao Paulo op-A 6th"]
[Site "Sao Paulo"]
[Date "2017.04.15"]
[Round "4"]
[White "Sega, Carlos Alberto"]
[Black "Bueno Filho, Julio Silvio de S"]
[Result "1/2-1/2"]
[WhiteElo "2223"]
[BlackElo "2101"]
[PlyCount "56"]
[EventDate "2017.04.14"]
[EventType "swiss"]
[EventRounds "6"]
[EventCountry "BRA"]
[SourceTitle "CBM 178 Extra"]
[Source "ChessBase"]
[SourceDate "2017.06.22"]
[SourceVersion "1"]
[SourceVersionDate "2017.06.22"]
[SourceQuality "1"]

1. c4 g6 2. Nc3 Bg7 3. g3 c5 4. Bg2 Nc6 5. a3 Nf6 6. Rb1 d6 7. d3 0-0 8. Nf3 Bg4 9. 0-0 Qd7 10. b4 cxb4 11. axb4 Bh3 12. b5 Nd8 13. Bb2 Bxg2 14. Kxg2 Ne6 15. Re1 d5 16. cxd5 Nxd5 17. Nxd5 Qxd5 18. Bxg7 Kxg7 19. e4 Qd6 20. d4 f5 21. Qb3 fxe4 22. Rxe4 Rxf3 23. Qxf3 Ng5 24. Qf4 Nxe4 25. Qxe4 Rd8 26. b6 axb6 27. Qxb7 Qd5+ 28. Qxd5 Rxd5 1/2-1/2

[Event "Mestre Ataide op"]
[Site "Mestre Ataide"]
[Date "2014.06.08"]
[Round "5"]
[White "Bueno Filho, Julio Silvio de S"]
[Black "Teixeira, Aloisio da Silva"]
[Result "0-1"]
[WhiteElo "2122"]
[BlackElo "1950"]
[PlyCount "86"]
[EventDate "2014.06.07"]
[EventType "swiss"]
[EventRounds "5"]
[EventCountry "BRA"]
[SourceTitle "CBM 160 Extra"]
[Source "ChessBase"]
[SourceDate "2014.07.01"]
[SourceVersion "1"]
[SourceVersionDate "2014.07.01"]
[SourceQuality "1"]

1. d4 d5 2. c4 e6 3. Nc3 Nf6 4. cxd5 exd5 5. Bg5 Bd6 6. e3 c6 7. Bd3 0-0 8. Qc2 h6 9. Bh4 Be6 10. Nge2 Re8 11. f3 Nbd7 12. Bg3 Nf8 13. Bxd6 Qxd6 14. 0-0 Bd7 15. e4 dxe4 16. fxe4 Qe7 17. Rae1 Be6 18. Qc1 Rad8 19. e5 Nd5 20. Ne4 Rd7 21. N2c3 Nb4 22. Bb1 Bc4 23. Rf3 Rxd4 24. Nf6+ gxf6 25. Rg3+ Ng6 26. Qxh6 Bd3 27. Bxd3 Nxd3 28. Ne4 Rxe4 29. Rxe4 Qc5+ 30. Qe3 Qxe3+ 31. Rgxe3 Ndxe5 32. h4 f5 33. Ra4 f4 34. Rh3 Ng4 35. Kf1 Ne3+ 36. Kf2 Nd5 37. Rxa7 Re7 38. h5 Ne5 39. h6 Kh7 40. Rh4 f5 41. a4 Ng4+ 42. Kf1 Nb4 43. Ra5 Nd3 0-1

[Event "Belo Horizonte IRT 4th"]
[Site "Belo Horizonte"]
[Date "2011.01.13"]
[Round "6.1"]
[White "Lapertosa Viana, Julio"]
[Black "Bueno Filho, Julio Silvio de S"]
[Result "1/2-1/2"]
[WhiteElo "2142"]
[BlackElo "2106"]
[PlyCount "84"]
[EventDate "2011.01.11"]
[EventType "tourn"]
[EventRounds "9"]
[EventCountry "BRA"]
[SourceTitle "EXT 2022"]
[Source "ChessBase"]
[SourceDate "2021.10.06"]
[SourceVersion "1"]
[SourceVersionDate "2021.10.06"]
[SourceQuality "1"]

1. Nc3 d5 2. d4 Nf6 3. Nf3 Bf5 4. Bf4 e6 5. e3 Bb4 6. Bd3 Ne4 7. 0-0 Nd7 8. Ne2 0-0 9. Ng3 Bg6 10. c4 Nxg3 11. Bxg3 Bxd3 12. Qxd3 dxc4 13. Qxc4 Bd6 14. Rac1 Nb6 15. Qc2 Bxg3 16. hxg3 c6 17. Rfd1 Qd5 18. b3 Rfd8 19. Ne5 Nd7 20. e4 Qa5 21. Nc4 Qb4 22. d5 exd5 23. exd5 cxd5 24. Rxd5 Nf6 25. Rd3 Rxd3 26. Qxd3 Re8 27. Ne3 Qa5 28. a4 h6 29. Qd4 Rd8 30. Qc3 Qxc3 31. Rxc3 g6 32. Rc7 Rd7 33. Rxd7 Nxd7 34. b4 Kf8 35. Kf1 Ke7 36. Ke2 Ke6 37. Kd3 Ne5+ 38. Kc3 a6 39. Nc4 Nxc4 40. Kxc4 b6 41. Kd4 h5 42. f3 f6 1/2-1/2

[Event "Mineiro-ch"]
[Site "Varginha"]
[Date "2009.01.27"]
[Round "7"]
[White "De Oliveira, Sergio Eduardo"]
[Black "Bueno Filho, Julio Silvio de S"]
[Result "1-0"]
[WhiteElo "2293"]
[BlackElo "2106"]
[PlyCount "75"]
[EventDate "2009.01.23"]
[EventType "tourn"]
[EventRounds "11"]
[EventCountry "BRA"]
[SourceTitle "EXT 2012"]
[Source "ChessBase"]
[SourceDate "2011.11.24"]
[SourceVersion "1"]
[SourceVersionDate "2011.11.24"]
[SourceQuality "1"]

1. e4 e5 2. Nf3 Nc6 3. Bc4 Nf6 4. d4 exd4 5. e5 d5 6. Bb5 Ne4 7. Nxd4 Bd7 8. Bxc6 bxc6 9. 0-0 Be7 10. f3 Ng5 11. Nb3 0-0 12. Nc3 f6 13. Bxg5 fxg5 14. Na4 Rf4 15. Nac5 Rc4 16. Nd3 Bf5 17. Na5 Bxd3 18. Qxd3 Bc5+ 19. Kh1 Rh4 20. Nxc6 Qd7 21. Na5 Qe6 22. g3 Rh6 23. Nb3 Bb6 24. Qe2 Re8 25. Rae1 Qh3 26. Qg2 Qf5 27. f4 c6 28. g4 Qd7 29. f5 Rh4 30. c3 Bc7 31. Nc5 Qc8 32. Ne6 Rxe6 33. fxe6 Qxe6 34. Qf3 Qe7 35. Qf5 Rh6 36. Qc8+ Bd8 37. Rf5 Re6 38. Ref1 1-0

[Event "Mineiro-ch"]
[Site "Varginha"]
[Date "2009.01.26"]
[Round "6"]
[White "Bueno Filho, Julio Silvio de S"]
[Black "Rocha, Wellington Carlos"]
[Result "0-1"]
[WhiteElo "2106"]
[BlackElo "2434"]
[PlyCount "70"]
[EventDate "2009.01.23"]
[EventType "tourn"]
[EventRounds "11"]
[EventCountry "BRA"]
[SourceTitle "EXT 2012"]
[Source "ChessBase"]
[SourceDate "2011.11.24"]
[SourceVersion "1"]
[SourceVersionDate "2011.11.24"]
[SourceQuality "1"]

1. d4 Nf6 2. c4 c5 3. d5 e6 4. Nc3 exd5 5. cxd5 d6 6. e4 g6 7. f4 Bg7 8. Bb5+ Nfd7 9. a4 Qh4+ 10. g3 Qe7 11. Nf3 0-0 12. 0-0 Na6 13. Re1 Nb4 14. a5 a6 15. Bf1 b5 16. axb6 Nxb6 17. Bg2 Bb7 18. Na2 a5 19. Nxb4 axb4 20. Rxa8 Rxa8 21. e5 Bxd5 22. exd6 Qxd6 23. Ne5 Rd8 24. Bxd5 Qxd5 25. Qxd5 Rxd5 26. Nc6 Bf6 27. f5 Kg7 28. fxg6 hxg6 29. Kf2 Rd3 30. Re2 Rd6 31. Na5 c4 32. Bf4 Rd5 33. Be3 Rxa5 34. Bxb6 Ra2 35. Bc5 b3 0-1

[Event "Mineiro-ch"]
[Site "Varginha"]
[Date "2009.01.24"]
[Round "2"]
[White "Bueno Filho, Julio Silvio de S"]
[Black "Molina, Roberto Junio Brito"]
[Result "1/2-1/2"]
[WhiteElo "2106"]
[BlackElo "2371"]
[PlyCount "162"]
[EventDate "2009.01.23"]
[EventType "tourn"]
[EventRounds "11"]
[EventCountry "BRA"]
[SourceTitle "EXT 2012"]
[Source "ChessBase"]
[SourceDate "2011.11.24"]
[SourceVersion "1"]
[SourceVersionDate "2011.11.24"]
[SourceQuality "1"]

1. d4 f5 2. g3 Nf6 3. Bg2 g6 4. Nf3 Bg7 5. 0-0 0-0 6. c4 d6 7. Nc3 Qe8 8. Re1 Qf7 9. b3 h6 10. Bb2 Na6 11. Qc2 c6 12. Rad1 Bd7 13. e3 Rae8 14. Ne2 Nh5 15. Nf4 g5 16. Nxh5 Qxh5 17. d5 Bxb2 18. Qxb2 c5 19. Nd2 f4 20. exf4 gxf4 21. Bf3 Qg6 22. Qb1 Qf7 23. Qe4 fxg3 24. fxg3 Bf5 25. Qe2 Bg6 26. Bg4 Nc7 27. Bd7 Rd8 28. Be6 Nxe6 29. Qxe6 Rde8 30. Re3 Qxe6 31. Rxe6 Rf6 32. Rde1 Rxe6 33. Rxe6 Kg7 34. g4 Bf7 35. Re3 Kf8 36. Ne4 Rb8 37. g5 hxg5 38. Nxg5 Bg8 39. a4 b6 40. Kf2 a6 41. h4 b5 42. axb5 axb5 43. h5 bxc4 44. bxc4 Kg7 45. Kg3 Rb1 46. Kf4 Rf1+ 47. Kg4 Rg1+ 48. Kh4 Kh6 49. Nh3 Rc1 50. Re4 Bf7 51. Nf4 Kg7 52. Kg5 Rg1+ 53. Kf5 Kf8 54. Ng6+ Bxg6+ 55. hxg6 Rf1+ 56. Rf4 Re1 57. Rh4 Re5+ 58. Kf4 Kg7 59. Rg4 Re1 60. Kf5 Re2 61. Rg3 Re5+ 62. Kf4 Re1 63. Kf5 Re5+ 64. Kf4 e6 65. dxe6 Rxe6 66. Kf5 Re5+ 67. Kf4 Re2 68. Kf5 Re8 69. Rg4 Re1 70. Re4 Rf1+ 71. Ke6 Rf6+ 72. Kd5 Rxg6 73. Re7+ Kf8 74. Rd7 Ke8 75. Rxd6 Rxd6+ 76. Kxd6 Kd8 77. Kxc5 Kc7 78. Kd5 Kd7 79. Kc5 Kc7 80. Kd5 Kd7 81. Kc5 Kc7 1/2-1/2

[Event "Mineiro-ch"]
[Site "Varginha"]
[Date "2009.01.23"]
[Round "1"]
[White "Barbosa, Evandro Amorim"]
[Black "Bueno Filho, Julio Silvio de S"]
[Result "1-0"]
[WhiteElo "2279"]
[BlackElo "2106"]
[PlyCount "73"]
[EventDate "2009.01.23"]
[EventType "tourn"]
[EventRounds "11"]
[EventCountry "BRA"]
[SourceTitle "EXT 2012"]
[Source "ChessBase"]
[SourceDate "2011.11.24"]
[SourceVersion "1"]
[SourceVersionDate "2011.11.24"]
[SourceQuality "1"]

1. e4 e5 2. Nf3 Nc6 3. Bb5 a6 4. Ba4 Nf6 5. 0-0 Be7 6. Re1 b5 7. Bb3 0-0 8. h3 d6 9. c3 Bb7 10. d4 Re8 11. Nbd2 Bf8 12. d5 Na5 13. Bc2 c6 14. b4 Nc4 15. Nxc4 bxc4 16. dxc6 Bxc6 17. Bg5 h6 18. Bxf6 Qxf6 19. Ba4 Bxa4 20. Qxa4 Qe6 21. Rad1 f5 22. Qa5 fxe4 23. Rxe4 Rec8 24. a4 Be7 25. Nh2 Rd8 26. Ng4 Bg5 27. Qb6 Kf7 28. Qc7+ Be7 29. Ne3 Rac8 30. Qa5 Rd7 31. Qxa6 Rdd8 32. Qb5 Rb8 33. Qxc4 d5 34. Rxd5 Rbc8 35. Qd3 Rxd5 36. Nxd5 Rd8 37. c4 1-0

[Event "BRA-ch Mineiro sf"]
[Site "Nova Lima"]
[Date "2008.12.06"]
[Round "3.3"]
[White "Bueno Filho, Julio Silvio de S"]
[Black "Gomes, Luiz Alexandre"]
[Result "1/2-1/2"]
[WhiteElo "2090"]
[BlackElo "2352"]
[PlyCount "142"]
[EventDate "2008.12.05"]
[EventType "swiss"]
[EventRounds "6"]
[EventCountry "BRA"]
[SourceTitle "EXT 2022"]
[Source "ChessBase"]
[SourceDate "2021.10.06"]
[SourceVersion "1"]
[SourceVersionDate "2021.10.06"]
[SourceQuality "1"]

1. d4 Nf6 2. c4 c5 3. d5 b5 4. cxb5 d6 5. Nc3 g6 6. Nf3 Bg7 7. g3 a6 8. bxa6 Bxa6 9. Bg2 Nbd7 10. Rb1 Nb6 11. b3 Bb7 12. Nh4 0-0 13. 0-0 Re8 14. b4 cxb4 15. Rxb4 Nfd7 16. Bd2 Ba6 17. Nf3 Nc4 18. Be1 Nde5 19. Nd4 Qc7 20. a4 Reb8 21. Ncb5 Qc5 22. Nc6 Rb7 23. Nbd4 Nxc6 24. Nxc6 Bf6 25. Rxb7 Bxb7 26. Qb3 Ba6 27. Bc3 Re8 28. Rc1 Qb6 29. Qxb6 Nxb6 30. a5 Na4 31. Bxf6 exf6 32. e3 Nc5 33. Bf1 Bxf1 34. Kxf1 Na6 35. Ke2 Kg7 36. Kd3 f5 37. f3 Rc8 38. Rc4 Rc7 39. Kd4 Rb7 40. e4 fxe4 41. fxe4 Rb1 42. Rc3 f6 43. Nd8 Ra1 44. Rc6 Rxa5 45. Rxd6 Ra4+ 46. Ke3 Nc5 47. Ne6+ Nxe6 48. Rxe6 Kf7 49. Rc6 Ra7 50. Kd4 Ra4+ 51. Rc4 Ra7 52. e5 fxe5+ 53. Kxe5 Re7+ 54. Kd6 Re2 55. Rc7+ Kg8 56. Kc6 Rc2+ 57. Kb7 Rd2 58. Kc6 Rc2+ 59. Kd7 Rxh2 60. d6 Ra2 61. Ke7 Re2+ 62. Kf6 Rf2+ 63. Ke6 Re2+ 64. Kd5 Rd2+ 65. Kc5 Rc2+ 66. Kd5 Rd2+ 67. Ke6 Re2+ 68. Kf6 Rf2+ 69. Kg5 Rf5+ 70. Kg4 Rd5 71. d7 Kf8 1/2-1/2